Suomalaiset poliitikot - Kuvavisa #3 - Statistics

Yleistilastot
  • Tätä visaa on pelattu 196 kertaa
  • Keskiarvotulos 7 / 12
Vastaustilastot
Kuvavisa Vastaus % Oikein
Pekka Haavisto
98%
Jyrki Katainen
85%
Elisabeth Rehn
82%
Paavo Lipponen
81%
Juho Kusti Paasikivi
75%
Suvi-Anne Siimes
59%
Johannes Virolainen
52%
Claes Andersson
49%
Sirkka-Liisa Anttila
37%
Henna Virkkunen
26%
Sari Sarkomaa
16%
Piia-Noora Kauppi
11%
Ehtoja vastaavia visoja ei löytynyt
Tulosjakauma
Jokaisen tuloksen saaneiden osuus
Persentiili vastausten määrän mukaan
Tuloshistoriasi
Et ole pelannut tätä visaa